| 000 | 01344nam a2200301 a 4500 | ||
|---|---|---|---|
| 003 | OSt | ||
| 005 | 20251217132742.0 | ||
| 008 | 220503s2021 mx a||||o|||| 001 0 spa d | ||
| 020 | _a978-607-12-0623-7 | ||
| 040 | _cCHAP | ||
| 100 | 1 |
_9107429 _aSánchez Cohen, Ignacio |
|
| 245 | 1 | 0 |
_aFundamentos físicos de modelos climáticos para transferencia de energía : _bmanual del usuario del software : CCLINCH / _cpor Ignacio Sánchez Cohen, Ricardo Trejo Calzada y Aurelio Pedroza Sandoval. |
| 264 | 1 |
_aChapingo. México : _bUniversidad Autónoma Chapingo. URUZA. _c2021 |
|
| 300 |
_a60 páginas. _bfiguras, tablas. |
||
| 490 | 1 | _aClimatología física | |
| 504 | _aIncluye literatura citada páginas : 43-47. | ||
| 520 | _aUna aproximación didáctica para conocer los algoritmos comunes utilizados en la cuantificación de impacto por oscilaciones térmicas en zonas áridas. | ||
| 650 | 4 |
_9129851 _aSuelos y clima _xModelos matemáticos |
|
| 650 | 4 |
_9130114 _aTemperatura atmosférica _xMedición |
|
| 650 | 4 |
_9164696 _aTemperatura _x efecto en suelos |
|
| 700 | 1 |
_9114744 _aTrejo Calzada, Ricardo |
|
| 700 | 1 |
_986574 _aPedroza Sandoval, Aurelio |
|
| 830 | 4 |
_9188203 _aClimatología física |
|
| 856 | 4 | 0 |
_uhttp://10.13.5.2/libros/ISBN_978-607-12-0623-7.pdf _zDESCARGAR PDF |
| 942 | _2local | ||
| 942 | _2ddc | ||
| 942 |
_cE-LIBRO _2ddc |
||
| 999 |
_c209254 _d209254 |
||